| 000 | 01105nam a22003857a 4500 | ||
|---|---|---|---|
| 001 | 0000572 | ||
| 003 | KOHA_MİRAKIL | ||
| 005 | 20260207001214.0 | ||
| 007 | ta | ||
| 008 | 081212b2001 tu |||gr||||#||||0|tur | | ||
| 020 |
_a9754869348 _cYTL36,69 |
||
| 040 |
_aTR-BiSEU _btur _cTR-BiSEU _erda |
||
| 041 | 0 | _atur | |
| 044 | _ctu | ||
| 050 |
_aQA303 _b.T46 2001 |
||
| 100 | 1 | _aThomas, George B.. | |
| 245 | 1 |
_aCalculus ve analitik geometri/ _cGeorge B. Thomas ; George B. Thomas, Ross L. Finney, Maurice D. Weir ; çeviren Recep Korkmaz. |
|
| 264 | 1 |
_aİstanbul : _bBeta _c2001 |
|
| 300 | _a2 c. | ||
| 336 |
_ametin _btxt _2rdacontent |
||
| 337 |
_aaracısız _bn _2rdamedia |
||
| 338 |
_acilt _bnc _2rdacarrier |
||
| 490 | 1 |
_aYayın ; _vno. |
|
| 490 | 1 | _a1033. | |
| 490 | 1 |
_aTeknik dizisi ; _v66. |
|
| 500 | _aDizin var. | ||
| 650 | 0 |
_aCalculus. _92712 |
|
| 650 | 0 |
_aKalkulus. _92858 |
|
| 650 | 0 |
_aGeometri, analitik. _92859 |
|
| 650 | 0 |
_aGeometry, analytic. _92860 |
|
| 830 | 1 |
_aYayın ; _vno. _91557 |
|
| 830 | 1 |
_a1033. _92861 |
|
| 830 | 1 |
_aTeknik dizisi ; _v66. _91559 |
|
| 942 |
_2lcc _cBK |
||
| 999 |
_c572 _d572 |
||